| 000 | 00980nam a2200313 i 4500 | ||
|---|---|---|---|
| 001 | bg | ||
| 245 | 0 | 0 |
_aDekoracja okien / _c[przekł. Justyna Lipka, Marta Mrozik-Jadacka, Cezary Murawski]. |
| 246 |
_iTyt. oryg.: _aWindows with style |
||
| 260 |
_aWarszawa : _bMuza, _c2006. |
||
| 300 |
_a223, [1] s. : _bil. kolor. ; _c28 cm. |
||
| 500 | _aTyt. oryg.: "Windows with style" 1997. | ||
| 504 | _aIndeks. | ||
| 650 | 9 | _aFiranki i zasłony | |
| 650 | 9 |
_aOkno _xestetyka |
|
| 650 | 9 | _aZdobnictwo | |
| 655 | _aWydawnictwa popularne | ||
| 700 | 1 |
_aLIPKA, Justyna. _eTł. |
|
| 700 | 1 |
_aMROZIK-JADACKA, Marta. _eTł. |
|
| 700 | 1 |
_aMURAWSKI, Cezary. _eTł. |
|
| 015 | _aPB 22104/2006 | ||
| 020 | _a8373198784 | ||
| 040 | _cBPK | ||
| 041 | 1 |
_apol _heng |
|
| 080 | _a747:643/645](02.025.2) | ||
| 920 | _a83-7319-878-4 | ||
| 942 | _cKS | ||
| 008 | s pl f |000 0 pol | ||
| 999 |
_c52488 _d52488 |
||
| 856 |
_uhttp://koha.tu.koszalin.pl/cgi-bin/koha/opac-detail.pl?biblionumber=52488 _yKatalog online BPK |
||